Godaan syaitan semasa syakaratul maut : (Record no. 917)

000 -LEADER
fixed length control field nam a22 a 4500
003 - CONTROL NUMBER IDENTIFIER
control field AKMAL
005 - DATE AND TIME OF LATEST TRANSACTION
control field 20170508084546.0
008 - FIXED-LENGTH DATA ELEMENTS--GENERAL INFORMATION
fixed length control field 170508s1998 my 00 may d
020 ## - INTERNATIONAL STANDARD BOOK NUMBER
International Standard Book Number 9839452142 (kkt.):
Terms of availability RM6.00
040 ## - CATALOGING SOURCE
Original cataloging agency AKMAL
082 04 - DEWEY DECIMAL CLASSIFICATION NUMBER
Classification number 297.23 MUH
Edition number 21
090 00 - LOCALLY ASSIGNED LC-TYPE CALL NUMBER (OCLC); LOCAL CALL NUMBER (RLIN)
Classification number (OCLC) (R) ; Classification number, CALL (RLIN) (NR) 297.23
Local cutter number (OCLC) ; Book number/undivided call number, CALL (RLIN) MUH
245 00 - TITLE STATEMENT
Title Godaan syaitan semasa syakaratul maut :
Remainder of title [hubungan kehidupan dunia dan akhirat] /
Statement of responsibility, etc. susunan Muhammad Sofwan
260 ## - PUBLICATION, DISTRIBUTION, ETC.
Place of publication, distribution, etc. Kuala Lumpur :
Name of publisher, distributor, etc. Usnie Publisher ,
Date of publication, distribution, etc. 1998
300 00 - PHYSICAL DESCRIPTION
Extent viii, 117ms. ;
Dimensions 21cm
500 ## - GENERAL NOTE
General note Mengandungi ayat-ayat dari Quran
650 #0 - SUBJECT ADDED ENTRY--TOPICAL TERM
Topical term or geographic name entry element Devil
General subdivision Islam
9 (RLIN) 1962
650 #0 - SUBJECT ADDED ENTRY--TOPICAL TERM
Topical term or geographic name entry element Resurrection (Islam)
9 (RLIN) 1943
650 #0 - SUBJECT ADDED ENTRY--TOPICAL TERM
Topical term or geographic name entry element Death
General subdivision Religious aspects
-- Islam
9 (RLIN) 1942
700 0# - ADDED ENTRY--PERSONAL NAME
Personal name Muhammad Sofwan
9 (RLIN) 1963
942 ## - ADDED ENTRY ELEMENTS (KOHA)
Source of classification or shelving scheme
Koha item type Book
Holdings
Withdrawn status Lost status Source of classification or shelving scheme Damaged status Not for loan Collection code Home library Current library Shelving location Date acquired Inventory number Total Checkouts Full call number Barcode Date last seen Price effective from Koha item type
          NON-FICTION AKMAL Melaka AKMAL Melaka PINJAMAN 08.05.2017 200615   297.23 MUH 201702066 08.05.2017 08.05.2017 Book
Pusat Sumber Maklumat Dato' Haji Sarmin Md Hussin, Akademi Kastam Diraja Malaysia, Melaka
Tel: 06-2331106 | Faks: 06-2313787